| 000 | 00453nam a2200169Ia 4500 | ||
|---|---|---|---|
| 003 | GCL | ||
| 008 | 140319s9999 xx 000 0 eng d | ||
| 040 |
_aGCL / _cGCL |
||
| 082 | 0 | 4 |
_a320.9 _bM P |
| 100 | 1 | _aMIKHAIL, HANNA | |
| 245 | 1 | 0 |
_aPOLITICS AND REVELATION: MAEARDI AND AFTER / _cMIKHAIL, HANNA |
| 260 |
_a[S.N] : _bEDINBURGH UNIVERSITY PRESS ، _c1995 |
||
| 300 | _a95 P | ||
| 650 | 0 | 4 | _aISLAM - POLITICS |
| 650 | 0 | 4 | _aMAWARDI |
| 942 |
_2ddc _cBK |
||
| 999 |
_c24196 _d24196 |
||